000 01059nam a2200277 a 4500
001 000016757
003 DO-SdBNP
005 20250924073801.0
008 100310s1985 dr 000 0 spa d
040 _aDO-SdBNP
_bspa
_cBNPHU
049 _aBNPD
082 _a378.17293
_bB585d
100 1 _aBidó Medina, José Joaquín
_910374
245 1 0 _aDesde el Alma Mater /
_cJosé Joaquín Bidó Medina ; prólogo Rafael Kasse Acta.
260 _aSanto Domingo :
_bUASD,
_c1985.
300 _a176 p. ;
_c22 cm.
490 1 _aPublicaciones de la Universidad Autónoma de Santo Domingo
_v393
490 1 _aEducación y Sociedad
_v26
610 1 0 _aUniversidad Autónoma de Santo Domingo
_zRepública Dominicana
_972951
650 4 _aDiscursos
_xColecciones
_y1981-1984
_937134
650 4 _aEducación superior
_xFines y objetivos
_zRepública Dominicana
_911802
700 1 _aKasse Acta, Rafael,
_epról.
_925885
830 _aPublicaciones de la Universidad Autónoma de Santo Domingo
_v393
_952
830 0 _aEducación y Sociedad
_n26
_937135
942 _2ddc
_cLBS1
999 _c16289
_d16289